| 000 | 00463nam a2200181Ia 4500 | ||
|---|---|---|---|
| 005 | 20240614015523.0 | ||
| 008 | 240331s9999 xx 000 0 und d | ||
| 020 | _a8186706429 | ||
| 082 |
_bCHE _a305 |
||
| 100 | _aChenoy, m. Anuradha | ||
| 245 | 0 |
_aMilitarism and women in South Asia _cAnuradha M. Chenoy |
|
| 260 |
_aNew Delhi _bKali for Women _c2002 |
||
| 300 | _aviii, 184 p ., | ||
| 650 | _aLaw | ||
| 650 | _aWomen | ||
| 650 | _aCivil Society | ||
| 942 | _cL | ||
| 999 |
_c1976 _d1976 |
||